<?xml version="1.0" encoding="UTF-8"?>
<record
    xmlns:xsi="http://www.w3.org/2001/XMLSchema-instance"
    xsi:schemaLocation="http://www.loc.gov/MARC21/slim http://www.loc.gov/standards/marcxml/schema/MARC21slim.xsd"
    xmlns="http://www.loc.gov/MARC21/slim">

  <leader>00967nam a2200229 a 4500</leader>
  <controlfield tag="001">74282</controlfield>
  <controlfield tag="003">BD-RjUL</controlfield>
  <controlfield tag="005">20211209082530.0</controlfield>
  <controlfield tag="008">180517r20171996bg a|||| |||| 00| 0 ben d</controlfield>
  <datafield tag="020" ind1=" " ind2=" ">
    <subfield code="a">9789843395474</subfield>
    <subfield code="c">: Tk. 140.00</subfield>
  </datafield>
  <datafield tag="035" ind1=" " ind2=" ">
    <subfield code="a">(BD-RjUL)74500</subfield>
  </datafield>
  <datafield tag="040" ind1=" " ind2=" ">
    <subfield code="a">BD-RjUL</subfield>
    <subfield code="b">ben</subfield>
    <subfield code="c">BD-RjUL</subfield>
    <subfield code="d">BD-RjUL</subfield>
  </datafield>
  <datafield tag="041" ind1=" " ind2=" ">
    <subfield code="a">ben</subfield>
  </datafield>
  <datafield tag="082" ind1=" " ind2=" ">
    <subfield code="2">23</subfield>
    <subfield code="a">320.95492</subfield>
    <subfield code="b">HOG 2017</subfield>
  </datafield>
  <datafield tag="100" ind1="1" ind2=" ">
    <subfield code="a">&#x9B9;&#x9CB;&#x9B8;&#x9C7;&#x9A8;, &#x9B8;&#x9C8;&#x9AF;&#x9BC;&#x9A6; &#x986;&#x9AC;&#x9C1;&#x9B2;</subfield>
    <subfield code="9">221477</subfield>
  </datafield>
  <datafield tag="245" ind1="1" ind2=" ">
    <subfield code="a">&#x997;&#x9A3;&#x9A4;&#x9BE;&#x9A8;&#x9CD;&#x9A4;&#x9CD;&#x9B0;&#x9BF;&#x995; &#x9B6;&#x9BE;&#x9B8;&#x9A8; &#x9AC;&#x9CD;&#x9AF;&#x9AC;&#x9B8;&#x9CD;&#x9A5;&#x9BE;&#x9B0; &#x9B8;&#x982;&#x995;&#x99F; /</subfield>
    <subfield code="c">&#x986;&#x9B2;&#x9B9;&#x9BE;&#x99C;&#x9CD;&#x9AC; &#x9B8;&#x9C8;&#x9AF;&#x9BC;&#x9A6; &#x986;&#x9AC;&#x9C1;&#x9B2; &#x9B9;&#x9CB;&#x9B8;&#x9C7;&#x9A8;</subfield>
  </datafield>
  <datafield tag="260" ind1=" " ind2=" ">
    <subfield code="a">&#x9A2;&#x9BE;&#x995;&#x9BE; :</subfield>
    <subfield code="b">&#x9AE;&#x9CB;&#x983; &#x986;&#x9AC;&#x9CD;&#x9A6;&#x9C1;&#x9B2; &#x995;&#x9BE;&#x9A6;&#x9C7;&#x9B0;,</subfield>
    <subfield code="c">&#x9E8;&#x9E6;&#x9E7;&#x9ED;</subfield>
  </datafield>
  <datafield tag="300" ind1=" " ind2=" ">
    <subfield code="a">&#x9E7;&#x9EB;&#x9EC; &#x9AA;&#x9C3;. :</subfield>
    <subfield code="b">&#x99A;&#x9BF;&#x9A4;&#x9CD;&#x9B0;&#x9CD;&#x9B0; ;</subfield>
    <subfield code="c">&#x9E8;&#x9E6; &#x9B8;&#x9C7;&#x9AE;&#x9BF;.</subfield>
  </datafield>
  <datafield tag="650" ind1=" " ind2=" ">
    <subfield code="a">&#x9B0;&#x9BE;&#x99C;&#x9A8;&#x9C8;&#x9A4;&#x9BF;&#x995; &#x9B8;&#x9CD;&#x9A5;&#x9BF;&#x9A4;&#x9BF;&#x9B6;&#x9C0;&#x9B2;&#x9A4;&#x9BE;</subfield>
    <subfield code="z">&#x9AC;&#x9BE;&#x982;&#x9B2;&#x9BE;&#x9A6;&#x9C7;&#x9B6;</subfield>
    <subfield code="9">221478</subfield>
  </datafield>
  <datafield tag="650" ind1=" " ind2=" ">
    <subfield code="a">Political stability</subfield>
    <subfield code="z">Bangladesh. </subfield>
    <subfield code="9">221479</subfield>
  </datafield>
  <datafield tag="942" ind1=" " ind2=" ">
    <subfield code="2">ddc</subfield>
    <subfield code="c">BK</subfield>
  </datafield>
  <datafield tag="999" ind1=" " ind2=" ">
    <subfield code="c">74282</subfield>
    <subfield code="d">74282</subfield>
  </datafield>
  <datafield tag="952" ind1=" " ind2=" ">
    <subfield code="0">0</subfield>
    <subfield code="1">0</subfield>
    <subfield code="2">ddc</subfield>
    <subfield code="4">0</subfield>
    <subfield code="7">1</subfield>
    <subfield code="8">NFIC</subfield>
    <subfield code="a">RUCL</subfield>
    <subfield code="b">RUCL</subfield>
    <subfield code="c">Reading</subfield>
    <subfield code="d">2017-05-28</subfield>
    <subfield code="e">Gift by Author</subfield>
    <subfield code="g">140.00</subfield>
    <subfield code="l">0</subfield>
    <subfield code="o">B 320.95492 HOG 2017</subfield>
    <subfield code="r">2018-05-17 00:00:00</subfield>
    <subfield code="t">C-1</subfield>
    <subfield code="w">2018-05-17</subfield>
    <subfield code="y">BK</subfield>
  </datafield>
</record>
